000 00583nam a22001697a 4500
003 NUST
038 _aNusrat Nadeem
082 _a200
100 _aUllah, Sidra Rahmat
_9125510
245 _aSurveillance of Antibiotic Resistance in Clinical and Hospital Water Isolates of K. pneumoniae/
_cSidra Rahmat Ullah,
264 _aIslamabad;
_bASAB NUST;
_c2024.
300 _a167,p;
_bill;
_c30,cm.
650 _aPhD- Applied Biosciences
_9123210
700 _aSupervisor : Dr. Saadia Andleeb
_9123909
856 _u http://10.250.8.41:8080/xmlui/handle/123456789/44897
942 _2ddc
_cSC
999 _c611246
_d611246